000 00542nam a2200193Ia 4500
005 20250508161546.0
008 008 250505s9999 xx 000 0 eng d
037 _aTextual
040 _aFEDL
_beng
_cFEDL
041 _aeng
_2eng
084 _a181.4, RAY
_qFEDL
100 _aRay Benoy Gopal
_947148
245 0 _aGandhian ethics
260 _aAhmedabad, India
_bNavjivan Prakashan Mandir
_c1950
300 _axii,70p.
650 _aOriental Philosophy
_9755543
942 _cTEXL
_h181.4, RAY
999 _c1370775
_d1370775